000 00870nam a2200277Ia 4500
003 OSt
005 20221005022634.0
006 a|||||r|||| 00| 0
007 ta
008 221004b |||||||| |||| 00| 0 eng d
020 _a0080447198
_c3972.96
024 _a85311
037 _b347, 24/03/2006, Ashutosh Technical Books
_cTextual
040 _aCRL
_cCRL
_beng
041 _2eng
_aeng
082 _aH4224, P5
100 _aDrever J. I. Ed.
_9578330
245 0 _aSurface and ground water, weathering, and soils edited by J. I. Drever
260 _aAmsterdam
_bElsevier Netherlands
_c2005
300 _a626p.
_ccm.
490 _vV5
_aTreatise on Geochemistry, 5
650 _a GEOLOGY
650 _aGROUND WATER
942 _hH4224, P5
_cTEXL
_2cc
999 _c929753
_d929753